| 000 | 00362nam a22001577a 4500 | ||
|---|---|---|---|
| 003 | NUST | ||
| 020 | _a8185749612 | ||
| 038 | _aKhadija | ||
| 082 |
_a744.422 _bGIL |
||
| 100 |
_aGill _990613 |
||
| 245 |
_aEngineering Graphics and Drafting / _cP.S. Gill |
||
| 260 |
_aNew Delhi _bS.K. Kataria & Sons _c2001 |
||
| 300 | _ap830 | ||
| 563 | _aPB | ||
| 942 |
_2ddc _cBK |
||
| 999 |
_c588810 _d588810 |
||